Qui ha d'ensenyar a qui i altres articles pedagògics / Lev N. Tolstoi ; selecció, traducció i notes d'Elena Vidal ; pròleg de Gerard Jacas
Descripción Física:
LIII, 384 p. ; 20 cm
Colección:
Textos pedagògics ; 25
Materias:
Pedagogia
MARC
| LEADER | 00000nam a2200000Ia 4500 | ||
|---|---|---|---|
| 001 | 9626 | ||
| 008 | 160829s1990 xx 000 0 cat d | ||
| 080 | |a E-1-142 | ||
| 100 | |a Tolstoj, Aleksej Nikolajevic |9 36944 | ||
| 245 | |a Qui ha d'ensenyar a qui i altres articles pedagògics / Lev N. Tolstoi ; selecció, traducció i notes d'Elena Vidal ; pròleg de Gerard Jacas | ||
| 260 | |a Vic : |b Eumo ; Barcelona : |b Diputació de Barcelona, |c 1990 | ||
| 300 | |a LIII, 384 p. ; |c 20 cm | ||
| 490 | |a Textos pedagògics ; 25 | ||
| 650 | |a Pedagogia |9 35391 | ||
| 700 | |a Vidal, Elena, tr. |9 36945 | ||
| 700 | 1 | |a Jacas, Gerard |9 36946 | |
| 710 | 1 | |a Barcelona (Catalunya : Província). |b Diputació |9 52408 | |
| 901 | |a Arxiu | ||
| 942 | |n 1 | ||
| 952 | |0 0 |1 0 |4 0 |6 E1142 |7 1 |9 47582 |a Arxiu |b Arxiu |d 2016-12-01 |l 0 |o E-1-142 |p 9626 |r 2016-12-01 00:00:00 |w 2016-12-01 |y ARXIU | ||
| 999 | |c 51381 |d 51381 | ||